000 00576nam a2200169Ia 4500
003 GCL
008 140319s9999 xx 000 0 ara d
040 _aGCL /
_cGCL
082 0 4 _a629.20284
_bم م
245 1 0 _aمحركات ومركبات الية :
_bاساسات المهنة
260 _aالرياض :
_bالمؤسسة العامة للتعليم الفنى والتدريب المهنى ،
_c1999
300 _a229 ص ؛
_c32 سم
650 0 4 _aاجهزة القياس
650 0 4 _aالميكانيكا
650 0 4 _aالالات الهندسية
942 _2ddc
_cBK
999 _c7034
_d7034